Art škôlka

Uložené v:
Podrobná bibliografia
Hlavný autor: Kuchariková, Alexandra (Autor)
Ďalší autori: Bartošová, Nina (Vedúci práce)
Médium: Rukopis Kniha
Jazyk:Slovak
Vydavateľské údaje: Bratislava 2017
Predmet:
On-line prístup:http://is.stuba.sk/zp/portal_zp.pl?podrobnosti=102347
Tagy: Pridať tag
Žiadne tagy, Buďte prvý, kto otaguje tento záznam!

MARC

LEADER 00000ntm a22000003a 4500
001 stuzp57459
003 SK-STU
005 20210202085734.9
007 ta
008 150427s2015----xo-----f-mn---000-0-slo-d
040 |a STU  |b slo 
041 0 |a slo 
100 1 |a Kuchariková, Alexandra  |u 053130  |4 aut  |U FAD Fakulta architektúry  |T FA Ústav dejín a teórie architektúry a obnovy pamiatok  |X 61643  |U A3130  |Y 394  |7 61643 
242 0 1 |a Art nursery  |y eng 
245 1 0 |a Art škôlka 
260 |c 2017  |a Bratislava 
650 4 |a škôlka  |2 slo 
650 4 |a Petržalka  |2 slo 
650 4 |a umenie  |2 slo 
650 4 |a nursery  |2 eng 
650 4 |a education  |2 eng 
650 4 |a performance  |2 eng 
700 1 |a Bartošová, Nina  |u 053130  |k Z1  |4 ths  |U FAD Fakulta architektúry  |T FA Ústav dejín a teórie architektúry a obnovy pamiatok  |X 15769  |U A3130  |Y 394  |7 A000015769 
856 4 |u http://is.stuba.sk/zp/portal_zp.pl?podrobnosti=102347  |u https://opac.crzp.sk/?fn=detailBiblioForm&sid=85D30AFD35884905439BBB4E20A9